MACRO ECONOMIC THEORY (Record no. 3971)
[ view plain ]
| 000 -LEADER | |
|---|---|
| fixed length control field | 00434cam a2200181ua 4500 |
| 008 - FIXED-LENGTH DATA ELEMENTS--GENERAL INFORMATION | |
| fixed length control field | 131205n1989 II |||gr||||Z||||||eng |
| 040 ## - CATALOGING SOURCE | |
| Original cataloging agency | MAIN |
| 041 ## - LANGUAGE CODE | |
| -- | English |
| 082 ## - DEWEY DECIMAL CLASSIFICATION NUMBER | |
| Classification number | 339 JHI |
| 100 ## - MAIN ENTRY--PERSONAL NAME | |
| Personal name | JHINGAM, M.L. |
| 245 ## - TITLE STATEMENT | |
| Title | MACRO ECONOMIC THEORY |
| 250 ## - EDITION STATEMENT | |
| Edition statement | 5TH. |
| 260 ## - PUBLICATION, DISTRIBUTION, ETC. | |
| Place of publication, distribution, etc. | NEW DELHI |
| Name of publisher, distributor, etc. | KONARK PUBLISHERS PVT. LTD |
| Date of publication, distribution, etc. | 1989 |
| 300 ## - PHYSICAL DESCRIPTION | |
| Extent | 688: |
| Dimensions | 24CM. |
| 942 ## - ADDED ENTRY ELEMENTS (KOHA) | |
| Koha item type | Books |
| 653 ## - INDEX TERM--UNCONTROLLED | |
| Uncontrolled term | Macroeconomics & related topics |
| Withdrawn status | Lost status | Damaged status | Not for loan | Collection code | Home library | Current library | Shelving location | Date acquired | Full call number | Barcode | Date last seen | Copy number | Price effective from | Koha item type | Public note |
|---|---|---|---|---|---|---|---|---|---|---|---|---|---|---|---|
| TBECO | Central Library and Information Centre Sibsagar Girls College | Central Library and Information Centre Sibsagar Girls College | ECONOMICS BOOK RACK | 06.06.1990 | 339 JHI | 12244 | 27.02.2020 | 1 | 27.02.2020 | Books | V | ||||
| TBECO | Central Library and Information Centre Sibsagar Girls College | Central Library and Information Centre Sibsagar Girls College | ECONOMICS BOOK RACK | 06.06.1990 | 339 JHI | 12245 | 27.02.2020 | 2 | 27.02.2020 | Books | V | ||||
| Withdrawn | REFECO | Central Library and Information Centre Sibsagar Girls College | Central Library and Information Centre Sibsagar Girls College | Withdraw items | 06.06.1990 | 339 JHI | 12246 | 27.02.2020 | 3 | 27.02.2020 | Books | V |